LEADER 01136nam2-2200373---450- 001 990003370120203316 005 20100210105557.0 010 $a978-1-9341155-63-3 035 $a000337012 035 $aUSA01000337012 035 $a(ALEPH)000337012USA01 035 $a000337012 100 $a20100210d2009----km-y0itay50------ba 101 $aeng 102 $aUS 105 $aa---||||001yy 200 1 $aBiomedical informatics$fedited by Vadim Astakhov 210 $aNew York$cHumana Press$d2009 215 $aIX, 270 p.$cill.$d27 cm 225 2 $aMethods in molecular biology$v569 410 0$1001000336582$12001$aMethods in molecular biology$v, 569 606 0$aMedicina$xImpego [dell']Informatica 676 $a572.80285 702 1$aHICKS,$bBarry W. 801 0$aIT$bsalbc$gISBD 912 $a990003370120203316 951 $a572.80285 BIO$b5308 Farm.$c572.80285$d00255799 959 $aBK 969 $aFAR 979 $aCHIARA$b90$c20100210$lUSA01$h1052 979 $aCHIARA$b90$c20100210$lUSA01$h1055 979 $aCHIARA$b90$c20100210$lUSA01$h1055 996 $aBiomedical informatics$91123457 997 $aUNISA LEADER 01828nam 2200421 n 450 001 996387166703316 005 20200824121618.0 035 $a(CKB)1000000000626719 035 $a(EEBO)2264192831 035 $a(UnM)99851101_16357e 035 $a(UnM)99851101_16357 035 $a(EXLCZ)991000000000626719 100 $a19920323d1580 uy | 101 0 $aeng 135 $aurbn||||a|bb| 200 04$aThe institutions of Christian religion, written by the reuerend father, M. Iohn Caluin, compendiously abridged by Edmond Bunnie Bachellour of diuinitie; and translated into English by Edward May$b[electronic resource] 210 $aImprinted at London $cAt the three Cranes in the Vinetree, by Thomas Dawson, for William Norton$d1580 215 $a[4], 270, [1] leaves 300 $aAn abridgment, by Edmund Bunny, of: Institutio Christianae religionis. 300 $aTranslated by Edward May. 300 $aFormerly STC 4420. 300 $aIdentified as STC 4420 on UMI microfilm reel 415. 300 $aReproduction of the original in the British Library. 300 $aAppears at UMI microfilm reels 415 and 1683(both British Library copies). 330 $aeebo-0018 606 $aReformed Church$xDoctrines$vEarly works to 1800 615 0$aReformed Church$xDoctrines 700 $aCalvin$b Jean$f1509-1564.$0154241 701 $aMay$b Edward$fb. 1546 or 7.$01002894 701 $aBunny$b Edmund$f1540-1619.$01002895 801 0$bCu-RivES 801 1$bCu-RivES 801 2$bCStRLIN 801 2$bWaOLN 906 $aBOOK 912 $a996387166703316 996 $aThe institutions of Christian religion, written by the reuerend father, M. Iohn Caluin, compendiously abridged by Edmond Bunnie Bachellour of diuinitie; and translated into English by Edward May$92302150 997 $aUNISA